| 000 | 00392nam a2200133Ia 4500 | ||
|---|---|---|---|
| 008 | 230917s9999||||xx |||||||||||||| ||und|| | ||
| 040 |
_e92707 _aMAIN |
||
| 041 | _aEnglish | ||
| 082 | _a617 S77C | ||
| 100 | _aSurjit Lal | ||
| 245 | 0 | _aComparative study of estimation of prostatic size by suprapubic transabdominal ultrasonography and freyer's prostatectomy | |
| 300 | _a105 p. | ||
| 942 | _cTH | ||
| 999 |
_c55075 _d55075 |
||